Lec By Dr Aamir Hussain, on Alog Design Development for Detection & Ranging of multiple Closeley Spaced Objs with Improved Range & Resolution,Photographs-2014 (Record no. 209724)
[ view plain ]
| 000 -LEADER | |
|---|---|
| fixed length control field | 00578 a2200133 4500 |
| 003 - CONTROL NUMBER IDENTIFIER | |
| control field | Nust |
| 005 - DATE AND TIME OF LATEST TRANSACTION | |
| control field | 20170207164714.0 |
| 040 ## - CATALOGING SOURCE | |
| Transcribing agency | Nust |
| 082 ## - DEWEY DECIMAL CLASSIFICATION NUMBER | |
| Classification number | 799 |
| 245 ## - TITLE STATEMENT | |
| Title | Lec By Dr Aamir Hussain, on Alog Design Development for Detection & Ranging of multiple Closeley Spaced Objs with Improved Range & Resolution,Photographs-2014 |
| Statement of responsibility, etc. | MCS |
| 260 ## - PUBLICATION, DISTRIBUTION, ETC. | |
| Place of publication, distribution, etc. | Rawalpindi |
| Name of publisher, distributor, etc. | MCS |
| Date of publication, distribution, etc. | 02-04-2014 |
| 650 ## - SUBJECT ADDED ENTRY--TOPICAL TERM | |
| Topical term or geographic name entry element | Pictures of Lec By Dr Aamir Hussain, on Alog Design Development for Detection & Ranging of multiple Closeley Spaced Objs with Improved Range & Resolution,(CD-24 Vol II) |
| 651 ## - SUBJECT ADDED ENTRY--GEOGRAPHIC NAME | |
| Geographic name | Sweet Memories-MCS |
| 942 ## - ADDED ENTRY ELEMENTS (KOHA) | |
| Koha item type | Book |
| Withdrawn status | Lost status | Source of classification or shelving scheme | Damaged status | Not for loan | Collection code | Permanent Location | Current Location | Date acquired | Total Checkouts | Full call number | Barcode | Date last seen | Price effective from | Koha item type |
|---|---|---|---|---|---|---|---|---|---|---|---|---|---|---|
| Military College of Signals (MCS) | Military College of Signals (MCS) | 12/12/2016 | 799 LEC | MCSPIC-12801 | 12/08/2016 | 12/12/2016 | Book | |||||||
| Military College of Signals (MCS) | Military College of Signals (MCS) | 12/12/2016 | 799 LEC | MCSPIC-12802 | 12/08/2016 | 12/12/2016 | Book | |||||||
| Military College of Signals (MCS) | Military College of Signals (MCS) | 12/12/2016 | 799 LEC | MCSPIC-12803 | 12/08/2016 | 12/12/2016 | Book | |||||||
| Military College of Signals (MCS) | Military College of Signals (MCS) | 12/12/2016 | 799 LEC | MCSPIC-12804 | 12/08/2016 | 12/12/2016 | Book | |||||||
| Military College of Signals (MCS) | Military College of Signals (MCS) | 12/12/2016 | 799 LEC | MCSPIC-12805 | 12/08/2016 | 12/12/2016 | Book | |||||||
| Military College of Signals (MCS) | Military College of Signals (MCS) | 12/12/2016 | 799 LEC | MCSPIC-12806 | 12/08/2016 | 12/12/2016 | Book | |||||||
| Military College of Signals (MCS) | Military College of Signals (MCS) | 12/12/2016 | 799 LEC | MCSPIC-12807 | 12/08/2016 | 12/12/2016 | Book |
